Praxis : revista de higiene mental de la sociedad /

Revista que contiene temas de interés político, social y cultural.

Guardado en:
Bibliografiske detaljer
Format: Bog
Sprog:spansk
Udgivet: España : editorial no identificada, 1960, c1960
Fag:
Tags: Tilføj Tag
Ingen Tags, Vær først til at tagge denne postø!

MARC

LEADER 00000nam^a2200000^a^4500
001 000136692
005 20250521000000.0
009 20260310095326.475
037 |a Acervo ITESO - Biblioteca 
041 |a ESP 
082 |a 320. 05  |b PRA V. 2 
240 1 1 |a [Praxis] 
245 1 0 |a Praxis :  |b revista de higiene mental de la sociedad / 
264 4 |a España :  |b editorial no identificada,  |c 1960, c1960 
300 |a 20 p. 
336 |a texto  |b txt  |2 rdacontenido 
337 |a sin mediación  |b n  |2 rdamedio 
338 |a volumen  |b nc  |2 rdasoporte 
520 |a Revista que contiene temas de interés político, social y cultural. 
649 |a XX 
650 |a Política -  |x Publicaciones Periódicas Españolas 
650 |a Filosofía de la Praxis 
650 |a Marxismo 
650 |a Filosofía del Siglo XX 
650 |a Intelectuales 
650 |a España -  |x Estadísticas 
650 |a Arte Español -  |x Historia y Crítica 
650 |a Arte y Sociedad 
650 |a Asia -  |x Condiciones Políticas 
650 |a Asia -  |x Condiciones Sociales y Culturales 
650 |a Poder (Ciencias Sociales) 
650 |a Derecho de Propiedad 
650 |a Política -  |x Teoría 
650 |a Cine -  |x Historia y Crítica 
910 |a Fondo Salvador Reynoso Reynoso 
920 |a Impresos - Libros 
930 |a Fondos Especiales 
905 |a 112 
901 |a 0800013840  |b IT2  |c ESP  |u 20250521 
902 |a https://opac.biblio.iteso.mx/vufind/Record/000136692